| 000 | 00566nam a2200193Ia 4500 | ||
|---|---|---|---|
| 008 | 151119s9999||||xx |||||||||||||| ||und|| | ||
| 082 | _a891.463 | ||
| 082 | _bGKKV10965 | ||
| 100 | _aतावडे ममता | ||
| 245 | _aअशाच एका झाडाखाली | ||
| 260 | _a-- | ||
| 260 | _b-- | ||
| 260 | _c0 | ||
| 600 | _aतावडे ममता | ||
| 630 | _aअशाच एका झाडाखाली | ||
| 700 | _aतावडे ममता | ||
| 730 | _aअशाच एका झाडाखाली | ||
| 942 | _cBOOK | ||
| 999 |
_c1065021 _d1065018 |
||